000 00529nam a2200217Ia 4500
008 160819s9999 xx 000 0 und d
020 _a978-0-600-61686-3
050 _aCUL TX 724.5
050 _b.I4V55 2007
100 _aVijayakar, Sunil.
245 _aFresh Indian /
245 _cSunil Vijayakar.
260 _aGreat Britain :
260 _bHamlyn,
260 _c2007
300 _a256 pages :
300 _bcolor illustrations ;
300 _c20 cm.
500 _aIncludes index.
650 _aCooking, Indie.
999 _c300698
_d300698